000 00303nam a2200109Ia 4500
008 200302s9999 xx 000 0 und d
100 _aAlessia Ferrarini
245 _aRailway Stations from the gare de L'est to Penn Station
260 _bElecta Architecture Publisher
260 _c2005
300 _a217 P.,
999 _c2972
_d2972